000 01048nam a2200265 a 4500
001 BRCA_850
005 20190320203157.0
008 960923s1992 mx-#---##b---#000-0#spa-d
020 _a9706201343
050 4 _aF1231
_b.I48 1992
245 1 0 _aIlustración española, reformas borbónicas y liberalismo temprano en México
_ccoordinadores Francisco Javier Rodríguez Garza, Lucino Gutiérrez Herrera.
260 _aMéxico
_bUAM, Unidad Azcapotzalco, División de Ciencias Sociales y Humanidades
_c1992
300 _a261 p.
_c21 cm.
440 0 _aEconomía
_92833
504 _aIncluye referencias bibliográficas
650 1 4 _aIlustración
_zEspaña
_92834
650 1 4 _aIlustración
_zMéxico
_92835
650 1 4 _aLiberalismo
_xHistoria
_zMéxico
_92836
650 1 4 _aIntelectuales
_vBiografía
_zMéxico
_92837
651 4 _aMéxico
_xHistoria
_yColonia española, 1540-1810
_9394
651 4 _aEspaña
_xColonias
_zAmerica
_92838
700 1 _aRodríguez Garza, Francisco Javier
_92839
700 1 _aGutiérrez Herrera, Lucino
_92840
942 _2lcc
_cB
999 _c745
_d745